| 000 | 00911nam0a22002771 4500 | ||
|---|---|---|---|
| 001 | rc\2186829 | ||
| 005 | 20250623085203.0 | ||
| 035 | _a(NLR Aleph) 006691912 | ||
| 090 |
_a5155805 _c5155805 |
||
| 100 | _a20110829d1978 |||y0rusy50 ca | ||
| 101 | 0 | _arus | |
| 102 | _aRU | ||
| 105 | _ay z ||||| | ||
| 200 | 1 | _aВоспитание личности | |
| 210 |
_aХарьков _cПрапор _d1978 |
||
| 215 |
_a94 с. _d16 |
||
| 225 | 1 |
_aИз опыта партийной работы _iИдеологическая работа |
|
| 606 |
_aИдеологическая работа КП Украины _xСумская организация _2psbo |
||
| 700 | 1 |
_aМакухин _bИ.Я. _gИван Яковлевич |
|
| 801 | 0 |
_aRU _bNLR _gpsbo |
|
| 801 | 1 |
_aRU _bELAR _2rusmarc |
|
| 852 |
_aNLR _j78-2/3789 |
||
| 899 |
_aRuMoRGB _jM 78-1/647 |
||
| 899 |
_aRuMoRGB _jM 78-1/648 |
||
| 942 | _cBOOK | ||
| 980 | _aNB | ||